Fundamentals of the theory of operator algebras
Salvato in:
| Autori principali: | , |
|---|---|
| Natura: | Libro |
| Lingua: | inglese |
| Pubblicazione: |
Orlando
Academic Press
1986
|
| Serie: | Pure and Applied mathematics
|
| Soggetti: | |
| Tags: |
Aggiungi Tag
Nessun Tag, puoi essere il primo ad aggiungerne!!
|
MARC
| LEADER | 00000nam a2200000 a 4500 | ||
|---|---|---|---|
| 001 | UCL7286 | ||
| 003 | CL-VaPUC | ||
| 008 | 040514e19860000US |||||||||||||||||eng|d | ||
| 020 | |a 0123933021v.2 | ||
| 082 | 0 | 4 | |a 512.55 |b KAD |2 21 |
| 100 | |a Kadison, Richard V |e author |9 485183 | ||
| 700 | 0 | |a Ringrose, John R |e author |9 485184 | |
| 245 | 1 | 0 | |a Fundamentals of the theory of operator algebras |
| 300 | |a 1074 p | ||
| 942 | |c BK | ||
| 945 | |d 20040514 00:00:00 |a cmena | ||
| 260 | |a Orlando |b Academic Press |c 1986 | ||
| 650 | 0 | |a Álgebra de operadores |9 271301 | |
| 650 | 7 | |a TEORIA DE OPERADORES |2 CL-VaPUC |9 271302 | |
| 583 | |a last modification |c 20040514 00:00:00 |k Rodrigo Vera | ||
| 490 | 0 | |a Pure and Applied mathematics | |
| 999 | |c 309131 |d 309129 | ||
| 952 | |0 0 |1 0 |4 0 |6 512_550000000000000_KAD_1986 |7 0 |8 A |9 376470 |a BIBMAT |b BIBMAT |d 2019-11-21 |i 4015363 |o 512.55 KAD 1986 |p 4015363 |r 2025-01-07 |w 2019-11-21 |y BK |k MAT | ||